Puchar Świata - klasyfikacja generalna za sezon 2019/20 - Statystyki

Ogólne statystyki
  • Ten quiz został rozwiązany 117 razy
  • Średni wynik to 59 z 74
Statystyki odpowiedzi
Miejsce Skoczek Narodowość Pkt % Poprawnych
4. Dawid Kubacki Polska 1169
99%
5. Kamil Stoch Polska 1031
99%
11. Piotr Żyła Polska 617
99%
1. Stefan Kraft Austria 1659
99%
30. Junshiro Kobayashi Japonia 162
97%
3. Ryoyu Kobayashi Japonia 1178
97%
42. Maciej Kot Polska 40
96%
33. Cene Prevc Słowenia 112
94%
19. Domen Prevc Słowenia 361
94%
8. Peter Prevc Słowenia 789
94%
2. Karl Geiger Niemcy 1519
93%
14. Timi Zajc Słowenia 544
93%
12. Johann Andre Forfang Norwegia 579
91%
35. Simon Ammann Szwajcaria 81
91%
Aleksander Zniszczoł Polska 18
90%
15. Anze Lanisek Słowenia 543
90%
23. Markus Eisenbichler Niemcy 304
90%
26. Roman Koudelka Czechy 220
90%
9. Daniel-Andre Tande Norwegia 721
89%
61. Halvor Egner Granerud Norwegia 8
89%
38. Jakub Wolny Polska 58
89%
25. Killian Peier Szwajcaria 237
89%
22. Michael Hayboeck Austria 350
89%
17. Robert Johansson Norwegia 503
89%
6. Stephan Leyhe Niemcy 916
89%
18. Daniel Huber Austria 417
87%
34. Keiichi Sato Japonia 109
87%
39. Stefan Huber Austria 57
87%
46. Stefan Hula Polska 31
87%
13. Yukiya Sato Japonia 559
87%
32. Antti Aalto Finlandia 133
86%
24. Daiki Ito Japonia 285
86%
51. Gregor Deschwanden Szwajcaria 18
86%
27. Jan Hoerl Austria 210
86%
21. Pius Paschke Niemcy 353
86%
16. Constantin Schmid Niemcy 530
84%
31. Evgeniy Klimov Rosja 140
84%
7. Marius Lindvik Norwegia 907
84%
73. Severin Freund Niemcy 2
84%
41. Vladimir Zografski Bułgaria 48
84%
43. Naoki Nakamura Japonia 39
83%
Klemens Murańka Polska 8
81%
50. Mackenzie Boyd-Clowes Kanada 20
81%
44. Richard Freitag Niemcy 37
81%
28. Ziga Jelar Słowenia 200
81%
57. Artti Aigro Estonia 11
80%
54. Kevin Bickner Stany Zjednoczone 14
80%
58. Niko Kytosaho Finlandia 10
80%
53. Viktor Polasek Czechy 15
80%
10. Philipp Aschenwald Austria 622
79%
47. Taku Takeuchi Japonia 28
79%
Dominik Peter Szwajcaria 10
77%
66. Clemens Aigner Austria 5
76%
20. Gregor Schlierenzauer Austria 356
74%
37. Anze Semenic Słowenia 60
71%
Roman Trofimov Rosja 3
70%
56. Sergey Tkachenko Kazachstan 13
70%
Clemens Leitner Austria 6
67%
69. Tilen Bartol Słowenia 3
67%
49. Jurij Tepes Słowenia 21
66%
Dimitriy Vassiliev Rosja 5
64%
29. Robin Pedersen Norwegia 181
63%
36. Thomas Aasen Markeng Norwegia 80
63%
Andreas Schuler Szwajcaria 5
59%
Sondre Ringen Norwegia 3
57%
Shohei Tochimoto Japonia 2
56%
45. Anders Haare Norwegia 35
54%
Luca Roth Niemcy 8
54%
Yuken Iwasa Japonia 14
54%
40. Rok Justin Słowenia 52
53%
Hiroaki Watanabe Japonia 3
51%
48. Moritz Baer Niemcy 24
46%
64. Andreas Granerud Buskum Norwegia 6
44%
60. Marco Woergoetter Austria 9
39%
Nie znaleziono quizów pasujących do podanych kryteriów
Rozkład punktacji
Procent ludzi z każdym wynikiem
Percentyl według liczby udzielonych odpowiedzi
Twoja historia wyników
Nie rozwiązałeś tego quizu